000 00379nam a2200157Ia 4500
008 230917s9999||||xx |||||||||||||| ||und||
040 _e52764
_aMAIN
041 _aEnglish
082 _a342.54 P994I
100 _aPylee, M V
245 0 _aIndia's constitution
250 _a3rd ed.
260 _aBombay
_bAsia Publishing House
_c1979
300 _axiii, 471 p.
942 _cBK
999 _c209378
_d209378